[Event "Soviet zonal"]
[Site "Lvov URS"]
[Date "1978.04.??"]
[Round "11"]
[White "Savon, Vladimir"]
[Black "Kochiev, Alexander"]
[Result "1/2-1/2"]
[WhiteElo "2560"]
[BlackElo "2555"]
[EventDate "1978.04.04"]
[PlyCount "35"]

1.e4 e5 2.Nf3 Nf6 3.Nxe5 d6 4.Nf3 Nxe4 5.Nc3 Nxc3 6.dxc3 Be7 7.Bf4 O-O 8.
Qd2 Nd7 9.O-O-O Nc5 10.h3 Re8 11.Bc4 Be6 12.Bxe6 Nxe6 13.Be3 a5 14.h4 a4 
15.a3 Qd7 16.Qd3 Ra5 17.g4 Nc5 18.Bxc5 1/2-1/2

[Event "Soviet zonal"]
[Site "Lvov URS"]
[Date "1978.04.??"]
[Round "11"]
[White "Sveshnikov, Evgeny"]
[Black "Kuzmin, Gennady"]
[Result "1/2-1/2"]
[WhiteElo "2565"]
[BlackElo "2535"]
[EventDate "1978.04.04"]
[PlyCount "36"]

1.e4 c5 2.c3 d5 3.exd5 Qxd5 4.d4 e5 5.Nf3 Nc6 6.Nxe5 Nxe5 7.dxe5 Qxe5+ 8.
Be3 Nf6 9.Bb5+ Bd7 10.Bxd7+ Nxd7 11.Nd2 Be7 12.Qa4 Qe6 13.O-O O-O 14.Rfe1 
Nb6 15.Qc2 Qg6 16.Qxg6 hxg6 17.c4 Bf6 18.Rab1 Rfe8 1/2-1/2

[Event "Soviet zonal"]
[Site "Lvov URS"]
[Date "1978.04.??"]
[Round "11"]
[White "Tseshkovsky, Vitaly"]
[Black "Tukmakov, Vladimir"]
[Result "1-0"]
[WhiteElo "2570"]
[BlackElo "2560"]
[EventDate "1978.04.04"]
[PlyCount "81"]

1.e4 c5 2.Nf3 d6 3.d4 cxd4 4.Nxd4 Nf6 5.Nc3 a6 6.f4 Qc7 7.Be2 e5 8.Nb3 b5 
9.Bf3 Bb7 10.O-O Nbd7 11.a3 exf4 12.Bxf4 Ne5 13.Nd4 g6 14.Kh1 Rd8 15.Bg5 
Be7 16.Bh6 Qc5 17.Nb3 Qc8 18.Na5 Ba8 19.Bg7 Rg8 20.Bxf6 Bxf6 21.a4 b4 22.
Nd5 Bxd5 23.Qxd5 Ke7 24.Be2 Qc5 25.Rae1 Rd7 26.Rf4 Rc7 27.Ref1 Qxd5 28.
exd5 Rxc2 29.Bxa6 Bg5 30.Nc6+ Rxc6 31.dxc6 Bxf4 32.c7 Be3 33.c8=Q Rxc8 34.
Bxc8 Nd3 35.g3 d5 36.a5 Kd8 37.Bb7 f5 38.Bxd5 Nxb2 39.Rb1 Bd4 40.a6 Nd3 
41.Rb3 1-0

[Event "Soviet zonal"]
[Site "Lvov URS"]
[Date "1978.04.??"]
[Round "12"]
[White "Bagirov, Vladimir"]
[Black "Sveshnikov, Evgeny"]
[Result "1-0"]
[WhiteElo "2495"]
[BlackElo "2565"]
[EventDate "1978.04.04"]
[PlyCount "111"]

1.d4 d5 2.c4 e6 3.Nf3 Nf6 4.Bg5 h6 5.Bxf6 Qxf6 6.Nc3 c6 7.e3 Nd7 8.Bd3 Qd8
9.O-O Be7 10.Rc1 O-O 11.e4 dxc4 12.Bxc4 b5 13.Bd3 Bb7 14.Bb1 b4 15.Ne2 c5 
16.Qd3 Re8 17.e5 Nf8 18.dxc5 Qxd3 19.Bxd3 Rec8 20.c6 Rxc6 21.Rxc6 Bxc6 22.
Nfd4 Bb7 23.Rc1 Rc8 24.Rxc8 Bxc8 25.Nc6 Bc5 26.Be4 Nd7 27.Nc1 Kf8 28.Nd3 
Bb7 29.Bf3 Bxc6 30.Bxc6 Nb8 31.Nxc5 Nxc6 32.f4 g5 33.fxg5 hxg5 34.Nd3 Kg7 
35.Kf2 f5 36.exf6+ Kxf6 37.Ke3 Kf5 38.h3 a5 39.g4+ Kg6 40.Nc5 Kf6 41.Ne4+ 
Kg6 42.Kd3 Ne5+ 43.Kd4 Nd7 44.Kc4 Nf6 45.Nc5 e5 46.Nb7 Ne4 47.Nxa5 Nf2 48.
Nc6 Kf6 49.Nxb4 Nxh3 50.a4 Ke6 51.Kc5 e4 52.a5 e3 53.Nc2 e2 54.a6 Nf4 55.
a7 Nd3+ 56.Kb5 1-0

[Event "Soviet zonal"]
[Site "Lvov URS"]
[Date "1978.04.??"]
[Round "12"]
[White "Geller, Efim"]
[Black "Vaganian, Rafael"]
[Result "1/2-1/2"]
[WhiteElo "2590"]
[BlackElo "2570"]
[EventDate "1978.04.04"]
[PlyCount "41"]

1.e4 e6 2.d4 d5 3.Nd2 c5 4.Ngf3 Nc6 5.exd5 exd5 6.Bb5 Bd6 7.dxc5 Bxc5 8.
Nb3 Bd6 9.O-O Ne7 10.Re1 O-O 11.c3 Bg4 12.Bg5 h6 13.Bh4 Qc7 14.Bg3 Bxg3 
15.hxg3 Rad8 16.Qd3 Bxf3 17.Qxf3 Qb6 18.Bxc6 Nxc6 19.Rad1 Qa6 20.Nc5 Qc4 
21.Qe3 1/2-1/2

[Event "Soviet zonal"]
[Site "Lvov URS"]
[Date "1978.04.??"]
[Round "12"]
[White "Kuzmin, Gennady"]
[Black "Tseshkovsky, Vitaly"]
[Result "1/2-1/2"]
[WhiteElo "2535"]
[BlackElo "2570"]
[EventDate "1978.04.04"]
[PlyCount "32"]

1.e4 e5 2.Nf3 Nc6 3.Bb5 a6 4.Ba4 Nf6 5.O-O Be7 6.Re1 b5 7.Bb3 O-O 8.a4 Bb7
9.d3 d6 10.Bd2 b4 11.Bg5 Nd7 12.Bxe7 Nxe7 13.Nbd2 a5 14.c3 bxc3 15.bxc3 
Ng6 16.Qc2 Nf4 1/2-1/2

[Event "Soviet zonal"]
[Site "Lvov URS"]
[Date "1978.04.??"]
[Round "12"]
[White "Tukmakov, Vladimir"]
[Black "Gulko, Boris"]
[Result "1-0"]
[WhiteElo "2560"]
[BlackElo "2570"]
[EventDate "1978.04.04"]
[PlyCount "177"]

1.d4 Nf6 2.c4 e6 3.Nf3 b6 4.g3 Bb7 5.Bg2 Be7 6.O-O O-O 7.Nc3 Ne4 8.Qc2 
Nxc3 9.Qxc3 Be4 10.Rd1 Bf6 11.Bf4 Nc6 12.Ne5 Bxg2 13.Kxg2 Qe7 14.Rd2 Rad8 
15.Rad1 Bg5 16.Bxg5 Qxg5 17.b4 Qe7 18.c5 Rb8 19.a3 Rfc8 20.Qf3 Qe8 21.Rc1 
Nxe5 22.dxe5 c6 23.Qe3 Rc7 24.h4 Rcb7 25.Rcd1 Qe7 26.Rd6 bxc5 27.Qxc5 Kf8 
28.Rxd7 Qxc5 29.bxc5 Rxd7 30.Rxd7 Rb5 31.Rxa7 Rxc5 32.Ra8+ Ke7 33.f4 h5 
34.Kf3 Rc1 35.Ra7+ Ke8 36.Ra8+ Ke7 37.Ra7+ Ke8 38.a4 c5 39.Ra8+ Ke7 40.
Ra7+ Ke8 41.Ra8+ Kd7 42.a5 Kc6 43.e3 Rd1 44.Ra6+ Kb5 45.Ra7 c4 46.Rxf7 
Kxa5 47.f5 c3 48.Rc7 Rf1+ 49.Ke4 exf5+ 50.Kd5 Rd1+ 51.Ke6 Rd3 52.Kf7 Kb6 
53.Rc4 Rd7+ 54.Ke6 Rc7 55.Rb4+ Kc5 56.Rb1 g6 57.Rc1 Kc4 58.Kd6 Ra7 59.e6 
Ra6+ 60.Ke5 Ra8 61.e7 Kb3 62.Kd4 c2 63.Kd3 Re8 64.Rxc2 Rxe7 65.Rc6 Rd7+ 
66.Ke2 Rg7 67.Kf3 g5 68.Rh6 gxh4 69.gxh4 Kc4 70.Rxh5 Kd5 71.Rxf5+ Ke6 72.
Kf4 Rg1 73.Ra5 Rf1+ 74.Ke4 Rh1 75.Re5+ Kf7 76.Rf5+ Ke6 77.Rf4 Rh3 78.Rg4 
Kf6 79.Kf4 Ke6 80.e4 Kf6 81.e5+ Ke6 82.Kg5 Kxe5 83.h5 Ke6 84.Kg6 Ke7 85.h6
Kf8 86.h7 Rh1 87.Rg5 Rh2 88.Rf5+ Ke7 89.Rh5 1-0

[Event "Soviet zonal"]
[Site "Lvov URS"]
[Date "1978.04.??"]
[Round "13"]
[White "Sveshnikov, Evgeny"]
[Black "Kochiev, Alexander"]
[Result "1/2-1/2"]
[WhiteElo "2565"]
[BlackElo "2555"]
[EventDate "1978.04.04"]
[PlyCount "55"]

1.e4 e5 2.Nf3 Nf6 3.Nxe5 d6 4.Nf3 Nxe4 5.Nc3 Nxc3 6.dxc3 Be7 7.Bf4 O-O 8.
Qd2 Nd7 9.O-O-O Nc5 10.Nd4 Re8 11.f3 Ne6 12.Be3 Nxd4 13.cxd4 Bf6 14.Bd3 
Be6 15.h4 c5 16.Bg5 h6 17.d5 Bd7 18.Bf4 b5 19.c3 c4 20.Bc2 b4 21.cxb4 a5 
22.b5 Qb6 23.a4 Bxb5 24.axb5 Qxb5 25.Rde1 Qxb2+ 26.Kd1 Qa1+ 27.Qc1 Qd4+ 
28.Qd2 1/2-1/2

[Event "Soviet zonal"]
[Site "Lvov URS"]
[Date "1978.04.??"]
[Round "13"]
[White "Tseshkovsky, Vitaly"]
[Black "Bagirov, Vladimir"]
[Result "1/2-1/2"]
[WhiteElo "2570"]
[BlackElo "2495"]
[EventDate "1978.04.04"]
[PlyCount "118"]

1.e4 c6 2.d4 d5 3.Nd2 dxe4 4.Nxe4 Bf5 5.Ng3 Bg6 6.Nh3 Nf6 7.Nf4 e5 8.Nxg6 
hxg6 9.dxe5 Qa5+ 10.Bd2 Qxe5+ 11.Qe2 Qxe2+ 12.Bxe2 Nbd7 13.O-O-O Bc5 14.f4
O-O 15.f5 gxf5 16.Nxf5 Rfe8 17.Bf3 g6 18.Nh6+ Kg7 19.Ng4 Nxg4 20.Bxg4 Ne5 
21.Be2 f6 22.h4 Nf7 23.Bf3 Ne5 24.Be2 Nf7 25.Bd3 Be3 26.Bxe3 Rxe3 27.h5 g5
28.Bg6 Rae8 29.b3 R8e7 30.Kb2 Re2 31.g4 Nh6 32.Rhg1 c5 33.a4 b6 34.a5 bxa5
35.Ra1 Rf2 36.Rxa5 Rf4 37.Rga1 Nxg4 38.Rxa7 Rxa7 39.Rxa7+ Kg8 40.Rc7 Ne5 
41.Bh7+ Kh8 42.c4 f5 43.h6 g4 44.Rg7 g3 45.Bxf5 Rxf5 46.Rxg3 Kh7 47.Ka3 
Nc6 48.Ka4 Kxh6 49.Rg8 Nb4 50.Kb5 Kh5 51.Rc8 Nd3 52.Rd8 Rf3 53.Rg8 Kh4 54.
Rg2 Rg3 55.Rxg3 Kxg3 56.b4 cxb4 57.Ka4 Kf4 58.c5 Ke5 59.c6 Kd6 1/2-1/2

[Event "Soviet zonal"]
[Site "Lvov URS"]
[Date "1978.04.??"]
[Round "14"]
[White "Bagirov, Vladimir"]
[Black "Gulko, Boris"]
[Result "1/2-1/2"]
[WhiteElo "2495"]
[BlackElo "2570"]
[EventDate "1978.04.04"]
[PlyCount "80"]

1.d4 Nf6 2.c4 c5 3.Nf3 cxd4 4.Nxd4 Nc6 5.Nc3 e6 6.g3 Qb6 7.Nb3 Bb4 8.Bg2 
Qa6 9.Nd2 Bxc3 10.bxc3 O-O 11.c5 b6 12.cxb6 axb6 13.O-O b5 14.Nb3 d5 15.a4
bxa4 16.Nc5 Qb5 17.Ba3 Rd8 18.Qc2 Qc4 19.Rfc1 Nd7 20.Bf1 Nxc5 21.e3 Qe4 
22.Bxc5 Ne5 23.Qxe4 dxe4 24.Rc2 Nd3 25.Ba3 Rb8 26.Be2 Bb7 27.c4 Bc6 28.Bd1
f5 29.Rc3 Kf7 30.Bc2 g5 31.h3 h5 32.Kf1 Rd7 33.Rd1 Nb4 34.Rb1 Rdb7 35.Bd1 
Nd3 36.Rxb7+ Rxb7 37.Bxh5+ Kf6 38.Bd1 Rb1 39.Ke2 Be8 40.Bc2 Re1+ 1/2-1/2

[Event "Soviet zonal"]
[Site "Lvov URS"]
[Date "1978.04.??"]
[Round "14"]
[White "Balashov, Yury"]
[Black "Vaganian, Rafael"]
[Result "1/2-1/2"]
[WhiteElo "2590"]
[BlackElo "2570"]
[EventDate "1978.04.04"]
[PlyCount "25"]

1.d4 d5 2.Nf3 Nf6 3.c4 e6 4.Nc3 Be7 5.Bg5 h6 6.Bh4 O-O 7.e3 b6 8.Bd3 Bb7 
9.O-O c5 10.Qe2 cxd4 11.exd4 dxc4 12.Bxc4 Nc6 13.Rad1 1/2-1/2

[Event "Soviet zonal"]
[Site "Lvov URS"]
[Date "1978.04.??"]
[Round "14"]
[White "Kochiev, Alexander"]
[Black "Tseshkovsky, Vitaly"]
[Result "0-1"]
[WhiteElo "2555"]
[BlackElo "2570"]
[EventDate "1978.04.04"]
[Annotator "Moiseev"]
[PlyCount "80"]

1.Nf3 Nf6 2.g3 d5 3.Bg2 Bf5 4.O-O e6 5.c4 c6 6.b3 Be7 7.Bb2 O-O 8.d3 h6 9.
Nbd2 Nbd7 10.a3 ( 10.Ne5 Nxe5 11.Bxe5 Bd6 12.Bb2 Qe7 13.Rc1 e5 $10 {
Kavalek,L-Karpov,A/Amsterdam/1981/} ) 10...a5 11.Ra2 ( 11.Rc1 Bh7 12.Rc2 
Bd6 13.Qa1 Qe7 $1 14.Bh3 e5 15.cxd5 cxd5 16.Nh4 Rfc8 17.Rxc8+ Rxc8 18.Rc1 
$14 {Stein,L-Platonov,I/URS(ch)/1971/} ) ( 11.Qc2 Bh7 12.Bc3 ) 11...Bh7 
12.Qa1 Qb6 13.Ne5 ( 13.e4 $6 dxe4 14.dxe4 Nc5 $15 ) ( 13.Bc3 $5 ) 13...
Nxe5 14.Bxe5 Rfd8 15.Nf3 Ne8 $10 16.Bc3 ( 16.Rb1 $5 ) 16...Bf6 17.Rb1 Bxc3
18.Qxc3 dxc4 19.Qxc4 Nd6 20.Qc1 f6 21.Nd2 Qd4 22.Rc2 Qa7 23.b4 $6 ( 23.a4 
$5 ) 23...axb4 24.axb4 e5 $15 25.Ne4 Nb5 $1 ( 25...Bxe4 $15 ) 26.Rcb2 Kh8 
27.Nc3 Nd4 28.b5 ( 28.Ra2 $2 Qxa2 29.Nxa2 Nxe2+ $19 ) ( 28.Kh1 $5 ) 28...
Qa3 $17 29.bxc6 bxc6 30.Ne4 f5 31.Nc5 f4 32.Kh1 Bf5 33.Rd2 $2 ( 33.gxf4 $6
exf4 34.Qxf4 $2 Qxb2 $1 35.Rxb2 Ra1+ 36.Bf1 Bh3 $19 ) ( 33.Nb3 f3 $1 34.
Bxf3 ( 34.exf3 Bxd3 35.Ra1 Nxb3 $19 ) 34...Nxf3 35.exf3 Bxd3 36.Ra1 Qf8 $1
37.Nd2 Be2 $17 ) 33...Rdb8 $1 $19 {/\ 34...Qa3-c5} 34.Rxb8+ ( 34.Ne4 Qxc1+
35.Rxc1 Nb3 $19 ) ( 34.e3 Rxb1 35.Qxb1 Qxc5 36.exd4 Qxd4 $19 ) 34...Rxb8 
35.Rd1 ( 35.Qxa3 $2 Rb1+ 36.Bf1 Bh3 $19 ) 35...Qxc1 36.Rxc1 Nxe2 37.Re1 
Nd4 38.gxf4 exf4 39.Be4 Bh3 40.Bg6 $2 ( 40.Bg2 $142 ) 40...f3 ( 40...f3 
41.Rg1 Rb1 $1 ( 41...Bg2+ $19 ) 42.Rxb1 Bg2+ 43.Kg1 Ne2# ) 0-1

[Event "Soviet zonal"]
[Site "Lvov URS"]
[Date "1978.04.??"]
[Round "15"]
[White "Gulko, Boris"]
[Black "Kochiev, Alexander"]
[Result "1-0"]
[WhiteElo "2570"]
[BlackElo "2555"]
[EventDate "1978.04.04"]
[PlyCount "63"]

1.d4 Nf6 2.c4 d6 3.Nc3 e5 4.Nf3 Nbd7 5.Bg5 Be7 6.e3 Ng8 7.Bxe7 Nxe7 8.Be2 
O-O 9.O-O exd4 10.Nxd4 Nc6 11.Nd5 Nxd4 12.Qxd4 a5 13.f4 Re8 14.Bf3 Nc5 15.
e4 c6 16.Nc3 Ne6 17.Qd2 Qf6 18.f5 Nc5 19.Rad1 Rd8 20.e5 Qxe5 21.Rfe1 Qf6 
22.Qxd6 Qxd6 23.Rxd6 Bd7 24.Re5 Na6 25.Rxa5 Be8 26.Ne4 f6 27.c5 Rdb8 28.
Rd4 Nc7 29.Rxa8 Rxa8 30.Rb4 Rd8 31.Rxb7 Nb5 32.a4 1-0

[Event "Soviet zonal"]
[Site "Lvov URS"]
[Date "1978.04.??"]
[Round "15"]
[White "Romanishin, Oleg"]
[Black "Bagirov, Vladimir"]
[Result "1/2-1/2"]
[WhiteElo "2610"]
[BlackElo "2495"]
[EventDate "1978.04.04"]
[PlyCount "70"]

1.e4 c6 2.d4 d5 3.Nc3 dxe4 4.Nxe4 Bf5 5.Ng3 Bg6 6.h4 h6 7.Nf3 Nd7 8.h5 Bh7
9.Bd3 Bxd3 10.Qxd3 Ngf6 11.Bd2 Qc7 12.O-O-O e6 13.Qe2 O-O-O 14.Ne5 Nb6 15.
Ba5 Rd5 16.Bxb6 axb6 17.f4 Bd6 18.Kb1 Rd8 19.c3 Kb8 20.Nf1 Bxe5 21.fxe5 
Nh7 22.Ne3 R5d7 23.Nc4 Ng5 24.Rhf1 c5 25.Nd6 Qc6 26.Rf4 f6 27.Rdf1 cxd4 
28.cxd4 Qd5 29.Nb5 f5 30.Nd6 Rc7 31.g4 Nh3 32.R4f3 Ng5 33.Rf4 Nh3 34.R4f3 
Ng5 35.Re3 Rf8 1/2-1/2

[Event "Soviet zonal"]
[Site "Lvov URS"]
[Date "1978.04.??"]
[Round "15"]
[White "Savon, Vladimir"]
[Black "Balashov, Yury"]
[Result "0-1"]
[WhiteElo "2560"]
[BlackElo "2590"]
[EventDate "1978.04.04"]
[PlyCount "82"]

1.e4 e5 2.Nf3 Nc6 3.Bb5 a6 4.Ba4 Nf6 5.O-O Be7 6.Bxc6 dxc6 7.d3 Nd7 8.Nbd2
O-O 9.Nc4 f6 10.Nh4 Nc5 11.Nf5 Bxf5 12.exf5 Qd7 13.Qg4 Rfe8 14.f3 a5 15.
Be3 b5 16.Nd2 Nb7 17.Ne4 Nd6 18.Ng3 Bf8 19.h4 Kh8 20.h5 h6 21.Qg6 Nc8 22.
Qg4 Ne7 23.Qe4 Nd5 24.a3 Red8 25.Bf2 a4 26.Ne2 Re8 27.g4 Nf4 28.Ng3 Qd5 
29.Kh2 Reb8 30.Be3 b4 31.axb4 Rxb4 32.Qxd5 cxd5 33.Ra2 Rab8 34.Bc1 Bd6 35.
Rd1 e4 36.Bxf4 Bxf4 37.dxe4 dxe4 38.fxe4 Rxb2 39.Rxb2 Rxb2 40.Kh3 Rxc2 41.
Rd3 Be5 0-1

[Event "Soviet zonal"]
[Site "Lvov URS"]
[Date "1978.04.??"]
[Round "15"]
[White "Tukmakov, Vladimir"]
[Black "Kuzmin, Gennady"]
[Result "1/2-1/2"]
[WhiteElo "2560"]
[BlackElo "2535"]
[EventDate "1978.04.04"]
[PlyCount "92"]

1.Nf3 Nf6 2.c4 e6 3.d4 b6 4.g3 Bb7 5.Bg2 Be7 6.Nc3 Ne4 7.Qc2 Nxc3 8.Qxc3 
O-O 9.O-O c5 10.Rd1 Bf6 11.Qd3 Nc6 12.dxc5 bxc5 13.Qxd7 Qb6 14.Bf4 Rac8 
15.Qd3 Rfd8 16.Qc2 h6 17.Bd2 e5 18.e4 Rb8 19.Rab1 a5 20.a3 Ba6 21.Bf1 Re8 
22.Qa4 Bb7 23.Bg2 Ra8 24.Re1 Qc7 25.h3 Nd4 26.Nxd4 exd4 27.Bf4 Be5 28.Bxe5
Rxe5 29.f4 Re6 30.Qc2 Rae8 31.Re2 Rb6 32.Qa4 Rbe6 33.Rbe1 Qd8 34.Qd1 d3 
35.Re3 Bxe4 36.Bxe4 Qd4 37.Qxd3 Qxd3 38.Rxd3 Rxe4 39.Rxe4 Rxe4 40.Kf2 Rxc4
41.Rc3 Rxc3 42.bxc3 Kf8 43.Ke3 Ke7 44.Kd3 Kd6 45.Kc4 Kc6 46.a4 f5 1/2-1/2